000 00596nam a2200157Ia 4500
008 220216s9999 xx 000 0 und d
100 _aDeka H K
245 0 _aDecomposition of leaf-litter of Hevea brasiliensis Muell.Arg under subtropical conditions of Meghalaya
260 _bAbstracts of Papers: Competitiveness with sustainability Placrosym XII, Rubber Research Institute of India, Kottayam, 27-29 November 1996; p46
_c1996
650 _aHevea brasiliensis
650 _aLeaf-litter composition
650 _aMeghalaya
700 _aSethuraj M R
700 _aThapliyal A P
942 _cJS
999 _c56747
_d56747